LEADER 01042nam0-22003251i-450- 001 990007964460403321 005 20041201143727.0 020 $aIT$b742001 035 $a000796446 035 $aFED01000796446 035 $a(Aleph)000796446FED01 035 $a000796446 100 $a20041201d1974----km-y0itay50------ba 101 0 $aita 102 $aIT 105 $ay-------001yy 200 1 $aImposta sul valore aggiunto$ecircolari e risoluzioni dei quesiti vari emanate dal Ministero delle finanze e da associazioni di categorie, risposte ad interrogazioni parlamentari (dal 1. gennaio 1973) 210 $aMilano$cL. di G. Pirola$d1974 215 $a509 p.$d24 cm 300 $aIn cop.: Pirola per la riforma tributaria 300 $aFinito di stampare nel 1973 676 $a336$v21$zita 700 1$aVinci,$bCalogero$0107166 801 0$aIT$bUNINA$gRICA$2UNIMARC 901 $aBK 912 $a990007964460403321 952 $aH 101$b1362$fDSS 959 $aDSS 996 $aImposta sul valore aggiunto$9748008 997 $aUNINA LEADER 01083nam0-22003251i-450- 001 990000952570403321 010 $a3-540-11956-6 035 $a000095257 035 $aFED01000095257 035 $a(Aleph)000095257FED01 035 $a000095257 100 $a20000920d1982----km-y0itay50------ba 101 0 $aeng 200 1 $aStochastic Processes in Quantum Theory and Statistical Physics$eProceedings of the International Workshop Held in Marseille, France, June 29-July 4, 1981$fedited by S. Albeverio, Ph. Combe, and M. Sirugue-Collin 210 $aBerlin [etc.]$cSpringer-Verlag$d1982 225 1 $aLecture notes in physics$v173 610 0 $aProbabilità 610 0 $aStatistica 676 $a519 700 1$aAlbeverio,$bSergio$044256 702 1$aCombe,$bPhilippe 702 1$aSirugue-Collin,$bMadeleine 801 0$aIT$bUNINA$gRICA$2UNIMARC 901 $aBK 912 $a990000952570403321 952 $a18-194$b12096$fFI1 959 $aFI1 996 $aStochastic Processes in Quantum Theory and Statistical Physics$9358094 997 $aUNINA DB $aING01